000 00318nam a22001337a 4500
008 171202b xxu||||| |||| 00| 0 eng d
020 _a2900813342312
041 _aeng
080 _a32
100 _a18
101 _aSHP
245 _aRELIGION AND THE AMERICAN CONSTITUTIONAL EXPERIMENT
_cWITTE, J
942 _2udc
_cBK
999 _c38734
_d38734